[Event "Arber op 7th"]
[Site "Bodenmais"]
[Date "2018.08.04"]
[Round "8"]
[White "Krejci, Vera Marie"]
[Black "Brassat, Juergen"]
[Result "1/2-1/2"]
[WhiteElo "1438"]
[BlackElo "1839"]
[PlyCount "28"]
[EventDate "2018.07.28"]
[EventType "swiss"]
[EventRounds "9"]
[EventCountry "GER"]
[SourceTitle "CBM 185 Extra"]
[Source "ChessBase"]
[SourceDate "2018.07.29"]
[SourceVersion "1"]
[SourceVersionDate "2018.07.29"]
[SourceQuality "1"]

1. e4 c5 2. Nf3 d6 3. d4 cxd4 4. Nxd4 Nf6 5. Nc3 a6 6. Be3 e5 7. Nf3 Be7 8. Be2 0-0 9. 0-0 h6 10. Nd5 Nxd5 11. Qxd5 Nd7 12. b3 Nf6 13. Qd3 Qc7 14. c4 Be6 1/2-1/2

[Event "Arber op 7th"]
[Site "Bodenmais"]
[Date "2018.07.28"]
[Round "1"]
[White "Brassat, Juergen"]
[Black "Lorenc, Tomas"]
[Result "0-1"]
[WhiteElo "1839"]
[BlackElo "2208"]
[PlyCount "50"]
[EventDate "2018.07.28"]
[EventType "swiss"]
[EventRounds "9"]
[EventCountry "GER"]
[SourceTitle "CBM 185 Extra"]
[Source "ChessBase"]
[SourceDate "2018.07.29"]
[SourceVersion "1"]
[SourceVersionDate "2018.07.29"]
[SourceQuality "1"]

1. d4 Nf6 2. c4 c5 3. d5 b5 4. Nf3 d6 5. Qc2 g6 6. e4 Bg7 7. h3 0-0 8. Be2 bxc4 9. 0-0 Ba6 10. Nc3 Nbd7 11. Bf4 Qa5 12. Rfe1 Rab8 13. Rab1 Rb7 14. Bf1 Nh5 15. Bd2 Ne5 16. Nxe5 Bxe5 17. Nd1 Qxa2 18. Re3 Rfb8 19. Ra3 Qxa3 20. bxa3 Rxb1 21. Bh6 Bd4 22. Qa4 Ng3 23. Qxa6 Nxf1 24. Kxf1 c3 25. Ke2 c2 0-1

[Event "Regensburg Donau Cup 2nd"]
[Site "Regensburg"]
[Date "2018.05.09"]
[Round "1"]
[White "Brassat, Juergen"]
[Black "Stock, Christoph"]
[Result "0-1"]
[WhiteElo "1602"]
[BlackElo "2034"]
[PlyCount "54"]
[EventDate "2018.05.09"]
[EventType "swiss"]
[EventRounds "7"]
[EventCountry "GER"]
[SourceTitle "CBM 184 Extra"]
[Source "ChessBase"]
[SourceDate "2018.06.28"]
[SourceVersion "1"]
[SourceVersionDate "2018.06.28"]
[SourceQuality "1"]

1. d4 e6 2. c4 f5 3. Nf3 Nf6 4. g3 Be7 5. Bg2 0-0 6. 0-0 d6 7. Nc3 Ne4 8. Qd3 Nxc3 9. Qxc3 a5 10. h4 h6 11. Bd2 Bf6 12. Rad1 Qe7 13. Qc2 e5 14. dxe5 dxe5 15. e4 Nc6 16. a3 f4 17. Rde1 g5 18. gxf4 gxf4 19. Bc3 Kh7 20. Rd1 Rg8 21. Kh1 Bg4 22. Rd5 Bxf3 23. Bxf3 Bh8 24. Bg2 Qxh4+ 25. Kg1 Rxg2+ 26. Kxg2 Rg8+ 27. Kf3 Qg4# 0-1

[Event "Oberpfalz-ch M2"]
[Site "Bad Koetzting"]
[Date "2018.03.26"]
[Round "5"]
[White "Braun, Dieter"]
[Black "Brassat, Juergen"]
[Result "1/2-1/2"]
[WhiteElo "1677"]
[BlackElo "1815"]
[PlyCount "78"]
[EventDate "2018.03.24"]
[EventType "swiss"]
[EventRounds "8"]
[EventCountry "GER"]
[SourceTitle "EXT 2020"]
[Source "ChessBase"]
[SourceDate "2019.10.17"]
[SourceVersion "1"]
[SourceVersionDate "2019.10.17"]
[SourceQuality "1"]

1. e4 c5 2. Nc3 a6 3. a4 Nc6 4. f4 d6 5. Bc4 e6 6. Nf3 Nge7 7. d3 g6 8. 0-0 Bg7 9. Ne2 0-0 10. c3 Qc7 11. Ng3 Rb8 12. h4 d5 13. Bb3 d4 14. Bd2 h5 15. Ng5 b5 16. axb5 axb5 17. Nxh5 c4 18. dxc4 bxc4 19. Bxc4 Rxb2 20. Nxg7 Kxg7 21. cxd4 Rb8 22. h5 Nd8 23. Ba2 Rh8 24. hxg6 Nxg6 25. f5 Qh2+ 26. Kf2 Qh4+ 27. g3 Qh2+ 28. Ke3 Qxg3+ 29. Nf3 Qf4+ 30. Kd3 Ba6+ 31. Bc4 Bxc4+ 32. Kxc4 Qc7+ 33. Kd3 Nf4+ 34. Bxf4 Qxf4 35. Ne5 Rh3+ 36. Kc4 Rc8+ 37. Kb4 Rb8+ 38. Kc4 Rc8+ 39. Kb4 Rb8+ 1/2-1/2

[Event "Arber op 6th"]
[Site "Bodenmais"]
[Date "2017.08.04"]
[Round "7"]
[White "Huettinger, Siegfried"]
[Black "Brassat, Juergen"]
[Result "1/2-1/2"]
[WhiteElo "1493"]
[BlackElo "1842"]
[PlyCount "100"]
[EventDate "2017.07.29"]
[EventType "swiss"]
[EventRounds "9"]
[EventCountry "GER"]
[SourceTitle "CBM 179 Extra"]
[Source "ChessBase"]
[SourceDate "2017.08.23"]
[SourceVersion "1"]
[SourceVersionDate "2017.08.23"]
[SourceQuality "1"]

1. d4 Nf6 2. c4 g6 3. Nc3 d5 4. cxd5 Nxd5 5. e4 Nxc3 6. bxc3 Bg7 7. Nf3 0-0 8. Ba3 c6 9. Qb3 Re8 10. Bc4 e6 11. 0-0 b5 12. Be2 a6 13. Rad1 Qc7 14. c4 Nd7 15. e5 Bb7 16. Bd6 Qc8 17. c5 a5 18. a4 b4 19. Ng5 h6 20. Ne4 Ba6 21. Bd3 Qd8 22. Bxa6 Rxa6 23. Qd3 Ra7 24. f4 Kh7 25. Qh3 f5 26. exf6 Nxf6 27. Nxf6+ Qxf6 28. Qf3 Rc8 29. Rfe1 Qf5 30. Rd3 Kg8 31. g4 Qd5 32. Qxd5 exd5 33. Be5 Rb7 34. Ree3 Kf7 35. Kf2 Re8 36. Ke2 Ree7 37. Kd2 Re8 38. Kc2 Rbe7 39. Kb3 Rb7 40. Rf3 Rbe7 41. h4 Kg8 42. Rf2 Kh7 43. Rdf3 Kg8 44. h5 g5 45. Bxg7 Re3+ 46. Rxe3 Rxe3+ 47. Kb2 Kxg7 48. fxg5 hxg5 49. Rf5 Re2+ 50. Kb3 Re3+ 1/2-1/2

[Event "Arber op 6th"]
[Site "Bodenmais"]
[Date "2017.08.02"]
[Round "5"]
[White "Bettman, Jan"]
[Black "Brassat, Juergen"]
[Result "1-0"]
[WhiteElo "1870"]
[BlackElo "1842"]
[PlyCount "63"]
[EventDate "2017.07.29"]
[EventType "swiss"]
[EventRounds "9"]
[EventCountry "GER"]
[SourceTitle "CBM 179 Extra"]
[Source "ChessBase"]
[SourceDate "2017.08.23"]
[SourceVersion "1"]
[SourceVersionDate "2017.08.23"]
[SourceQuality "1"]

1. Nc3 c5 2. g4 e6 3. e4 Nc6 4. Bg2 a6 5. a4 Nge7 6. Nf3 g6 7. d4 cxd4 8. Nxd4 Bg7 9. Be3 Qc7 10. 0-0 h5 11. g5 b6 12. f4 Bb7 13. f5 gxf5 14. exf5 Be5 15. h4 0-0-0 16. Nce2 Kb8 17. c4 Nxd4 18. Nxd4 Bh2+ 19. Kh1 Bxg2+ 20. Kxg2 Qg3+ 21. Kh1 Qxh4 22. Nf3 Qe4 23. Kxh2 Qxe3 24. Qd6+ Kb7 25. Qxe7 Qf4+ 26. Kh1 h4 27. Rad1 Qxf5 28. Rxd7+ Rxd7 29. Qxd7+ Ka8 30. Qc6+ Ka7 31. Nh2 Qg6 32. Rd1 1-0

[Event "Arber op 6th"]
[Site "Bodenmais"]
[Date "2017.07.30"]
[Round "2"]
[White "Brassat, Juergen"]
[Black "Gehrke, Korbinian"]
[Result "1/2-1/2"]
[WhiteElo "1842"]
[BlackElo "1265"]
[PlyCount "32"]
[EventDate "2017.07.29"]
[EventType "swiss"]
[EventRounds "9"]
[EventCountry "GER"]
[SourceTitle "CBM 179 Extra"]
[Source "ChessBase"]
[SourceDate "2017.08.23"]
[SourceVersion "1"]
[SourceVersionDate "2017.08.23"]
[SourceQuality "1"]

1. d4 d5 2. c4 e6 3. Nf3 Nf6 4. g3 c6 5. Bg2 Bd6 6. 0-0 0-0 7. Nc3 Na6 8. b3 b6 9. Bb2 Bb7 10. cxd5 cxd5 11. e3 Qd7 12. Qe2 Nc7 13. Rfc1 Ba6 14. Qd1 Rfc8 15. Ne5 Qe8 16. Rc2 Nb5 1/2-1/2

[Event "Regensburg Donau Cup"]
[Site "Regensburg"]
[Date "2017.05.25"]
[Round "3"]
[White "Landstorfer, Raphael"]
[Black "Brassat, Juergen"]
[Result "1-0"]
[WhiteElo "1799"]
[BlackElo "1662"]
[PlyCount "67"]
[EventDate "2017.05.24"]
[EventType "swiss"]
[EventRounds "7"]
[EventCountry "GER"]
[SourceTitle "CBM 178 Extra"]
[Source "ChessBase"]
[SourceDate "2017.06.22"]
[SourceVersion "1"]
[SourceVersionDate "2017.06.22"]
[SourceQuality "1"]

1. e4 c5 2. Nf3 d6 3. d4 cxd4 4. Nxd4 Nf6 5. Nc3 a6 6. Bg5 Nbd7 7. f4 Qc7 8. Qf3 g6 9. 0-0-0 Bg7 10. Nd5 Nxd5 11. exd5 Nf6 12. Bxf6 Bxf6 13. g4 Bd7 14. g5 Bg7 15. Bh3 Rc8 16. Bxd7+ Qxd7 17. c3 b5 18. Kb1 a5 19. Nc6 b4 20. cxb4 axb4 21. Rhe1 e5 22. fxe5 0-0 23. exd6 Kh8 24. Qf4 b3 25. a3 Rxc6 26. dxc6 Qxc6 27. Qe4 Qd7 28. Qf3 Re8 29. Qxb3 Qf5+ 30. Ka2 Qxg5 31. d7 Rf8 32. d8Q Rxd8 33. Rxd8+ Qxd8 34. Qxf7 1-0

[Event "Oberpfalz-ch M2"]
[Site "Windischeschenbach"]
[Date "2007.04.03"]
[Round "7"]
[White "Fischer, Wolfgang1111"]
[Black "Brassat, Juergen"]
[Result "1/2-1/2"]
[WhiteElo "1599"]
[BlackElo "1624"]
[PlyCount "35"]
[EventDate "2007.03.31"]
[EventType "swiss"]
[EventRounds "8"]
[EventCountry "GER"]
[SourceTitle "EXT 2022"]
[Source "ChessBase"]
[SourceDate "2021.10.06"]
[SourceVersion "1"]
[SourceVersionDate "2021.10.06"]
[SourceQuality "1"]

1. e4 c5 2. Nf3 e6 3. d4 cxd4 4. Nxd4 a6 5. Bd3 d6 6. 0-0 Nd7 7. Be3 Ngf6 8. Nc3 Qc7 9. f4 b5 10. f5 e5 11. Nde2 Bb7 12. Ng3 Nb6 13. Kh1 Nc4 14. Bxc4 Qxc4 15. Qd3 Rc8 16. Rfd1 Qc7 17. Rac1 h6 18. Bg1 1/2-1/2

[Event "Oberpfalz-ch M2"]
[Site "Windischeschenbach"]
[Date "2007.04.01"]
[Round "3"]
[White "Gogeissl, Christian"]
[Black "Brassat, Juergen"]
[Result "1-0"]
[WhiteElo "1761"]
[BlackElo "1624"]
[PlyCount "53"]
[EventDate "2007.03.31"]
[EventType "swiss"]
[EventRounds "8"]
[EventCountry "GER"]
[SourceTitle "EXT 2022"]
[Source "ChessBase"]
[SourceDate "2021.10.06"]
[SourceVersion "1"]
[SourceVersionDate "2021.10.06"]
[SourceQuality "1"]

1. Nf3 c5 2. c4 e6 3. g3 b6 4. Bg2 Bb7 5. 0-0 Nf6 6. b3 Be7 7. Bb2 a6 8. d4 cxd4 9. Bxd4 0-0 10. Nbd2 Nc6 11. Bb2 d5 12. Ne5 Qd6 13. Ndf3 Rac8 14. Rc1 Rfd8 15. cxd5 Nxd5 16. Nxc6 Bxc6 17. a3 Qb8 18. Qc2 Bb5 19. Qe4 Nf6 20. Qe3 Bc5 21. Qg5 Rd5 22. Qh4 Rh5 23. Qf4 e5 24. Bxe5 Rxe5 25. Qxe5 Bxf2+ 26. Kh1 Qxe5 27. Rxc8+ 1-0

[Event "Oberpfalz-ch M2"]
[Site "Schwarzenfeld"]
[Date "2005.??.??"]
[Round "7"]
[White "Brassat, Juergen"]
[Black "Hessler, Markus"]
[Result "1/2-1/2"]
[WhiteElo "1664"]
[BlackElo "1713"]
[PlyCount "47"]
[EventDate "2005.03.19"]
[EventType "swiss"]
[EventRounds "8"]
[EventCountry "GER"]
[SourceTitle "EXT 2022"]
[Source "ChessBase"]
[SourceDate "2021.10.06"]
[SourceVersion "1"]
[SourceVersionDate "2021.10.06"]
[SourceQuality "1"]

1. d4 e6 2. c4 f5 3. Nf3 Nf6 4. g3 c6 5. Bg2 d5 6. 0-0 Bd6 7. b3 Qe7 8. Bb2 0-0 9. Nbd2 Bd7 10. e3 Be8 11. a4 Bh5 12. Qc1 Bxf3 13. Nxf3 Nbd7 14. Ba3 Bxa3 15. Qxa3 Qxa3 16. Rxa3 Ne4 17. Rc1 g5 18. Ra2 Kg7 19. Ne1 g4 20. Bxe4 fxe4 21. Ng2 Kf7 22. Nf4 Nf6 23. Kf1 Ng8 24. h3 1/2-1/2

[Event "Oberpfalz-ch M2"]
[Site "Schwarzenfeld"]
[Date "2005.??.??"]
[Round "6"]
[White "Hladik, Martin"]
[Black "Brassat, Juergen"]
[Result "0-1"]
[WhiteElo "1686"]
[BlackElo "1664"]
[PlyCount "56"]
[EventDate "2005.03.19"]
[EventType "swiss"]
[EventRounds "8"]
[EventCountry "GER"]
[SourceTitle "EXT 2022"]
[Source "ChessBase"]
[SourceDate "2021.10.06"]
[SourceVersion "1"]
[SourceVersionDate "2021.10.06"]
[SourceQuality "1"]

1. f4 d5 2. b3 Nf6 3. Nf3 Nbd7 4. Bb2 g6 5. e3 Bg7 6. Be2 0-0 7. 0-0 c5 8. c4 dxc4 9. Bxc4 Nb6 10. Qe2 Nxc4 11. bxc4 b6 12. d4 cxd4 13. Bxd4 Bb7 14. Qb2 Nh5 15. Nbd2 Bxd4 16. Nxd4 e6 17. Rfd1 Qe7 18. Rac1 e5 19. fxe5 Qxe5 20. Qc3 Rfe8 21. Re1 Rac8 22. N2f3 Qc5 23. a4 Ng7 24. Nb3 Qf5 25. Nbd4 Qg4 26. Kf2 Qd7 27. Rcd1 Qxa4 28. Nb5 Rxc4 0-1